Geography Quiz

Random Geography or State Quiz

Flipped US States Quiz Stats

Quiz Updated Sep 9, 2015

Challenge
Share
Tweet
Score 0/16 Timer 03:00
0 Plays Today
% Correct
California
98.4%
Alaska
98.2%
Idaho
94.7%
Nevada
94.4%
Texas
94.1%
Louisiana
89.5%
New York
84.7%
Michigan
83.9%
% Correct
Kentucky
83.7%
Nebraska
82%
New Jersey
80.5%
Ohio
80.2%
Wisconsin
78.8%
Massachusetts
77.4%
Iowa
75%
Missouri
71.7%

You're not logged in!

Compare scores with friends on all Sporcle quizzes.
Sign Up with Email
OR
Log In

You Might Also Like...

Show Comments

Extras

Top Quizzes Today


Score Distribution

Your Account Isn't Verified!

In order to create a playlist on Sporcle, you need to verify the email address you used during registration. Go to your Sporcle Settings to finish the process.